000 00341nam a2200133Ia 4500
008 240624s9999 xx 000 0 und d
041 _aeng
082 _a339 GOY
100 _a#N/A
245 _aDEVELOPING ECONOMY MACROECONOMICS FRESH
260 _c2008
_aMumbai
_bAllied Publisher
300 _axiii, : 298 : p. : cm. ; 25
365 _cRS
_b32
999 _c9268
_d9268